| 000 | 00706 a2200229 4500 | ||
|---|---|---|---|
| 020 | _a0521541867 | ||
| 020 | _a9780521541862 | ||
| 082 | 0 | 4 | _a516 |
| 090 |
_c318 _d318 |
||
| 100 | 1 | _aHatcher, Allen. | |
| 245 | 1 | 0 |
_aAlgebraic topology / _cAllen Hatcher. |
| 260 |
_a[S.l.] : _bCambridge Univ Pr (Txp), _c2005. |
||
| 300 | _a556 p. | ||
| 500 | _aImport. | ||
| 500 | _aPaperback. | ||
| 650 | 4 | _aScience/Mathematics. | |
| 650 | 4 | _aMathematics. | |
| 650 | 4 | _aGeometry - General. | |
| 856 | 4 | 0 |
_3Amazon.com _uhttp://www.amazon.com/exec/obidos/ASIN/0521541867/chopaconline-20 |
| 856 | 4 | 0 |
_3Amazon customer reviews _uhttp://www.chopac.org/cgi-bin/tools/azrev.pl?q=0521541867 |
| 942 |
_aNBS _cBK _k514.2 ALL |
||
| 999 |
_c342887 _d342887 |
||